00929nam a2200181Ia 4500008004100000020001500041041001200056100001700068245006800085260003300153300000800186650001600194942000700210999001700217952017100234952017100405952017100576221030s9999 xx 000 0 und d a8126519842 aEnglish aR. K. Maurya 0aComputer Graphics with Virtual Reality Systemscby R. K. Maurya bWiley IndiaaNew Delhic2013 a486 aBE Computer cBK c15639d15639 pBE 14203g579.00i3917l0eRKBr2024-06-13 00:00:00w2022-10-30yBK003Print4071aMIETLIBbMIETLIBcBL-Academic Block B, FL-2, CUP-54, SH-5, R-5d2015-10-2910HBE pBE 14204g579.00i3917l0eRKBr2024-06-13 00:00:00w2022-10-30yBK003Print4070aMIETLIBbMIETLIBcBL-Academic Block B, FL-2, CUP-37, SH-4, R-4d2015-10-2910HBE pBE 14205g579.00i3917l0eRKBr2024-06-13 00:00:00w2022-10-30yBK003Print4070aMIETLIBbMIETLIBcBL-Aacdemic Block B, FL-2, CUP-37, SH-4, R-4d2015-10-2910HBE